[Event "ICS rated blitz match"]
[Site "204.178.125.65"]
[Date "1999.10.26"]
[Round "?"]
[White "Hossa"]
[Black "haggs"]
[Result "1-0"]
[WhiteElo "2380"]
[BlackElo "1055"]
[PlyCount "45"]
[EventDate "1999.??.??"]

1. e4 e6 2. d3 d5 3. Nd2 d4 4. Ngf3 Nc6 5. Be2 e5 6. c3 dxc3 7. bxc3 Nh6 8. Nc4
b5 9. Ncxe5 Nxe5 10. Nxe5 f6 11. Bh5+ Ke7 12. Nc6+ Kd7 13. Nxd8 Kxd8 14. Bxh6
gxh6 15. Qf3 Be7 16. e5 fxe5 17. Qxa8 a5 18. Bg4 Ke8 19. Qxc8+ Kf7 20. Qxh8 Bf8
21. Bh5+ Ke7 22. Qxe5+ Kd8 23. Qe8# {haggs checkmated} 1-0

[Event "ICS Rated bullet match"]
[Site "204.178.125.65"]
[Date "1999.10.26"]
[Round "?"]
[White "bobbo"]
[Black "Hossa"]
[Result "0-1"]
[WhiteElo "1884"]
[BlackElo "2372"]
[PlyCount "44"]
[EventDate "1999.??.??"]

1. d4 e6 2. e4 d5 3. Nd2 dxe4 4. Nxe4 Nd7 5. Nf3 Ngf6 6. Nxf6+ Nxf6 7. Bd3 c5
8. O-O cxd4 9. Nxd4 Be7 10. c3 O-O 11. Bg5 Bd7 12. Re1 Rc8 13. Qf3 Qb6 14. Rab1
Rfe8 15. Qh3 e5 16. Nf5 Bc5 17. Bxf6 Bxf2+ 18. Kh1 Qxf6 19. Rf1 e4 20. Rxf2
exd3 21. Rbf1 d2 22. Rxd2 22... Qxf5 {bobbo resigns} 0-1

[Event "ICS rated blitz match"]
[Site "204.178.125.65"]
[Date "1999.10.26"]
[Round "?"]
[White "Colorado"]
[Black "Hossa"]
[Result "1-0"]
[WhiteElo "2654"]
[BlackElo "2380"]
[PlyCount "53"]
[EventDate "1999.??.??"]

1. d4 e6 2. e4 d5 3. Nc3 Nf6 4. e5 Nfd7 5. f4 c5 6. Nf3 Nc6 7. Be3 Be7 8. Qd2
O-O 9. O-O-O Nxd4 10. Nxd4 cxd4 11. Bxd4 Nc5 12. Kb1 Bd7 13. f5 Rc8 14. Qf2 Qb6
15. f6 Bd8 16. fxg7 Re8 17. Be2 Re7 18. Rhf1 Kxg7 19. Qf6+ Kg8 20. Rf3 Re8 21.
Qxf7+ Kh8 22. Rg3 Bg5 23. Rxg5 Qxb2+ 24. Kxb2 Nd3+ 25. Bxd3 Re7 26. Qf6+ Rg7
27. Qxg7# {Hossa checkmated} 1-0

[Event "ICS rated blitz match"]
[Site "204.178.125.65"]
[Date "1999.10.26"]
[Round "?"]
[White "Hossa"]
[Black "toothfairy"]
[Result "1-0"]
[WhiteElo "2375"]
[BlackElo "2195"]
[PlyCount "35"]
[EventDate "1999.??.??"]

1. e4 e5 2. Bc4 Bc5 3. Nf3 d6 4. c3 Nf6 5. d4 exd4 6. cxd4 Bb4+ 7. Bd2 Bxd2+ 8.
Nbxd2 O-O 9. O-O d5 10. exd5 Nxd5 11. Qb3 Nb6 12. Ne5 Nxc4 13. Qxc4 Be6 14. Qb4
b6 15. Qc3 Qd5 16. Rfc1 Nd7 17. Nc6 Nf6 18. Ne7+ {toothfairy resigns} 1-0

[Event "ICS rated blitz match"]
[Site "204.178.125.65"]
[Date "1999.10.26"]
[Round "?"]
[White "toothfairy"]
[Black "Hossa"]
[Result "1-0"]
[WhiteElo "2187"]
[BlackElo "2383"]
[PlyCount "97"]
[EventDate "1999.??.??"]

1. e4 e5 2. Nf3 Nf6 3. Nc3 Nc6 4. Bc4 Bc5 5. d3 d6 6. Bg5 Na5 7. Nd5 c6 8.
Nxf6+ gxf6 9. Bh4 Nxc4 10. dxc4 O-O 11. Qd2 Re8 12. O-O-O a5 13. Qh6 Re6 14.
Rd3 Qf8 15. Qh5 Rb8 16. Nd2 Bb4 17. c3 Bc5 18. Rf3 f5 19. exf5 Rh6 20. Qg5+ Kh8
21. Ne4 f6 22. Nxf6 b5 23. Ng4 Rxh4 24. Qxh4 bxc4 25. Nf6 Rb7 26. Ne4 Bb6 27.
f6 d5 28. Ng5 Bd8 29. Re1 e4 30. Rf4 a4 31. a3 h6 32. Qh5 Bxf6 33. Rh4 Kg8 34.
Nh3 Bxh4 35. Qxh4 Rg7 36. g3 Bxh3 37. Qxh3 Qxf2 38. Rf1 Qe3+ 39. Kb1 Qd2 40.
Qe6+ Kh7 41. Ka2 Qxh2 42. Qxc6 Qd2 43. Qe6 Rxg3 44. Rf7+ Rg7 45. Qf5+ Kh8 46.
Rf8+ Rg8 47. Qf6+ Kh7 48. Rf7+ Rg7 49. Qxg7# {Hossa checkmated} 1-0

[Event "ICS rated blitz match"]
[Site "204.178.125.65"]
[Date "1999.10.26"]
[Round "?"]
[White "Hossa"]
[Black "Isfen"]
[Result "1-0"]
[WhiteElo "2368"]
[BlackElo "2235"]
[PlyCount "37"]
[EventDate "1999.??.??"]

1. e4 e5 2. Bc4 d6 3. Nf3 Nd7 4. d4 c6 5. O-O Be7 6. Be3 Ngf6 7. Nc3 O-O 8. Qd3
b5 9. Bb3 a5 10. d5 cxd5 11. Bxd5 Nxd5 12. Nxd5 Ba6 13. Rfd1 b4 14. Nxe7+ Qxe7
15. Qxd6 Qxd6 16. Rxd6 Nf6 17. Nxe5 Nxe4 18. Rd5 Nf6 19. Rxa5 {Isfen resigns}
1-0

[Event "ICS rated bullet match"]
[Site "204.178.125.65"]
[Date "1999.10.26"]
[Round "?"]
[White "Hossa"]
[Black "JSBach"]
[Result "1-0"]
[WhiteElo "2374"]
[BlackElo "2106"]
[PlyCount "91"]
[EventDate "1999.??.??"]

1. e4 e5 2. Bc4 Bc5 3. Nf3 Nc6 4. d3 Nf6 5. Nc3 Qe7 6. Na4 Na5 7. Bb5 c6 8.
Nxc5 Qxc5 9. Ba4 b5 10. Bb3 Nxb3 11. axb3 O-O 12. Be3 Qd6 13. Rxa7 Rxa7 14.
Bxa7 Qe6 15. Bb8 d6 16. Bc7 Qd7 17. Bb6 Qb7 18. Be3 Bg4 19. Bg5 Nh5 20. h3 Bxf3
21. Qxf3 Ra8 22. O-O g6 23. g4 Ng7 24. Bh6 Ra2 25. Qf6 Ne6 26. Rb1 Qb6 27. Qf3
Qc5 28. Qd1 Nd4 29. c3 Qa7 30. cxd4 Qxd4 31. Be3 Qb4 32. Qc2 d5 33. Qxc6 dxe4
34. Bh6 Qf8 35. Bxf8 Kxf8 36. dxe4 Ra5 37. Qf6 Ke8 38. Rd1 Ra8 39. Qxe5+ Kf8
40. Qh8+ Ke7 41. Qxa8 Kf6 42. Rd6+ Kg5 43. Qd5+ Kh6 44. Qxf7 b4 45. Rd5 g5 46.
Qf6# {JSBach checkmated} 1-0

[Event "ICS rated bullet match"]
[Site "204.178.125.65"]
[Date "1999.10.26"]
[Round "?"]
[White "JSBach"]
[Black "Hossa"]
[Result "0-1"]
[WhiteElo "2100"]
[BlackElo "2380"]
[PlyCount "104"]
[EventDate "1999.??.??"]

1. e4 e5 2. Nf3 Nf6 3. Nxe5 d6 4. Nf3 Nxe4 5. d3 Nf6 6. Be2 Be7 7. O-O O-O 8.
Bf4 Re8 9. Nc3 Nbd7 10. Rb1 c6 11. Qd2 d5 12. Rfe1 Nc5 13. d4 Nce4 14. Nxe4
Nxe4 15. Qd3 Bg4 16. c3 Qc8 17. Qe3 c5 18. dxc5 Bxc5 19. Nd4 Qd7 20. Qd3 Bxe2
21. Rxe2 Bxd4 22. Qxd4 Qf5 23. Qe3 Nf6 24. Rbe1 Rxe3 25. Bxe3 Re8 26. a3 a5 27.
h4 Qg4 28. g3 Ne4 29. Bb6 a4 30. Kg2 Re6 31. Bd4 Ng5 32. hxg5 Rxe2 33. Kf1 Qe4
34. Rd1 Rxb2 35. Kg1 Rb3 36. Ra1 Qe7 37. g6 fxg6 38. Kf1 Rxa3 39. Re1 Qf7 40.
Kg2 Ra2 41. Bc5 Rc2 42. Bd4 a3 43. Kh3 Qf5+ 44. Kg2 Kf7 45. Ra1 Qe4+ 46. Kh3 a2
47. Kh2 Qf3 48. Kh3 Re2 49. Kh2 g5 50. Kg1 Re6 51. Be3 Rh6 52. Rxa2 52... Rh1#
{JSBach checkmated} 0-1

[Event "ICS rated blitz match"]
[Site "204.178.125.65"]
[Date "1999.10.26"]
[Round "?"]
[White "Hossa"]
[Black "MissSilicon"]
[Result "0-1"]
[WhiteElo "2378"]
[BlackElo "2664"]
[PlyCount "240"]
[EventDate "1999.??.??"]

1. e4 c5 2. Nf3 e6 3. d4 cxd4 4. Nxd4 Nc6 5. Nb5 d6 6. Bf4 e5 7. Bg5 Nf6 8. Bc4
Be7 9. Bxf6 gxf6 10. Bd5 Qb6 11. N1c3 a6 12. Bxc6+ Qxc6 13. Na3 f5 14. Nd5 Be6
15. O-O Bh4 16. Qe2 Bxd5 17. exd5 Qxd5 18. Rad1 Qc5 19. Qd3 Be7 20. Qxf5 Qb4
21. Rb1 O-O 22. Qd7 Rfe8 23. c4 Bf6 24. Rfd1 Rad8 25. Qg4+ Bg7 26. Nc2 Qa4 27.
Ne3 Kh8 28. Qh5 Rd7 29. Ra1 e4 30. b3 Qa3 31. Nc2 Qb2 32. Qg4 Rdd8 33. Ne3 Qxa1
34. Rxa1 Bxa1 35. Nd5 Re6 36. Qf5 Rf8 37. a4 Bd4 38. b4 b6 39. Nc7 Rf6 40. Qxe4
Bxf2+ 41. Kh1 Rg8 42. Qc2 Rg5 43. g3 Re5 44. Qb2 Be1 45. Qd4 Bxb4 46. Nxa6 Bc5
47. Nxc5 bxc5 48. Qb2 Kg7 49. Kg2 Re4 50. Qc2 Rfe6 51. Kf2 Rd4 52. Kf3 Rf6+ 53.
Ke3 Rf1 54. Ke2 Rg1 55. Qc3 Rg2+ 56. Ke3 Rxh2 57. Kf3 h5 58. a5 h4 59. Qe3 Kg6
60. a6 hxg3 61. Kxg3 Ra2 62. Kh3 Rxa6 63. Qg3+ Kf6 64. Qb3 Ra1 65. Kh2 Re1 66.
Qf3+ Ke6 67. Qa8 Rc1 68. Qe8+ Kf6 69. Qd8+ Kf5 70. Kg3 Rc3+ 71. Kf2 Rcxc4 72.
Qc8+ Kf4 73. Qh8 Rc2+ 74. Ke1 Re4+ 75. Kd1 Rcc4 76. Qh2+ Kf5 77. Qh7+ Ke6 78.
Qg8 Rcd4+ 79. Kc2 c4 80. Qe8+ Kf6 81. Qh8+ Ke7 82. Qb8 f5 83. Qh8 f4 84. Kb2
Rd2+ 85. Ka3 Rd3+ 86. Kb4 c3+ 87. Kb3 Rde3 88. Qg7+ Ke6 89. Qg4+ Kd5 90. Qg5+
Kc6 91. Qd8 f3 92. Qa8+ Kd7 93. Kc2 f2 94. Qf8 Rb4 95. Qf5+ Kc6 96. Qc8+ Kd5
97. Qf5+ Kc4 98. Qc8+ Kd4 99. Qg4+ Re4 100. Qg7+ Re5 101. Qg4+ Kc5 102. Qc8+
Kb6 103. Qb8+ Kc6 104. Qc8+ Kd5 105. Qg8+ Re6 106. Qa8+ Kd4 107. Qa7+ Ke5 108.
Qg7+ Rf6 109. Qg5+ Ke6 110. Qg8+ Ke7 111. Kxc3 Rbf4 112. Qg7+ Ke6 113. Qg8+ Kd7
114. Qh7+ Kc6 115. Qe7 Rf8 116. Kb3 f1=Q 117. Qh7 Qc4+ 118. Kb2 Rb8+ 119. Qb7+
Rxb7+ 120. Ka3 120... Qa6# {Hossa checkmated} 0-1

[Event "ICS rated bullet match"]
[Site "204.178.125.65"]
[Date "1999.10.26"]
[Round "?"]
[White "JSBach"]
[Black "Hossa"]
[Result "0-1"]
[WhiteElo "2094"]
[BlackElo "2385"]
[PlyCount "60"]
[EventDate "1999.??.??"]

1. d4 Nf6 2. Nf3 g6 3. Nc3 d5 4. Qd3 Bg7 5. Bf4 O-O 6. Qb5 c6 7. Qb3 b6 8.
O-O-O Bf5 9. e3 e6 10. Be5 c5 11. dxc5 bxc5 12. Qb7 Nbd7 13. Bd6 Re8 14. Qc6
Rc8 15. Qa4 Nb6 16. Qxa7 Qxd6 17. Nb5 Qd8 18. Ne5 Re7 19. Qa3 Ne4 20. Nd3 Ra8
21. Qb3 c4 22. Qb4 Rxa2 23. Kb1 Ra4 24. Qe1 cxd3 25. Bxd3 Qa8 26. Na3 Rxa3 27.
bxa3 Qxa3 28. c3 Nc4 29. Rd2 Nxc3+ 30. Kc2 30... Qb2# {JSBach checkmated} 0-1

[Event "ICS rated blitz match"]
[Site "204.178.125.65"]
[Date "1999.10.26"]
[Round "?"]
[White "Zippy"]
[Black "Hossa"]
[Result "1-0"]
[WhiteElo "2280"]
[BlackElo "2419"]
[PlyCount "86"]
[EventDate "1999.??.??"]

1. e4 d5 2. exd5 Qxd5 3. Nc3 Qd6 4. d4 Nf6 5. Nf3 Bg4 6. h3 Bxf3 7. Qxf3 Qb6 8.
Na4 Qc6 9. Qxc6+ Nxc6 10. Bb5 O-O-O 11. Bxc6 bxc6 12. Be3 e6 13. c3 Bd6 14. Bg5
Rhg8 15. O-O Rd7 16. Rfe1 Nd5 17. b4 Nxc3 18. Nxc3 Bxb4 19. Rec1 Rxd4 20. Be3
Rd3 21. Ne2 Bd2 22. Rd1 Rxe3 23. fxe3 Bxe3+ 24. Kh2 c5 25. Kg3 c4 26. Rab1 c5
27. Kf3 Bg5 28. Rb5 Be7 29. Ra5 Rd8 30. Rxd8+ Kxd8 31. Rxa7 Ke8 32. a4 f5 33.
a5 Bd6 34. a6 Kd8 35. Rxg7 Bb8 36. Rxh7 e5 37. a7 Bxa7 38. Rxa7 Kc8 39. Rf7 e4+
40. Kf4 c3 41. Nxc3 c4 42. Rxf5 e3 43. Kxe3 43... Kc7 {Hossa resigns} 1-0

[Event "ICS rated blitz match"]
[Site "204.178.125.65"]
[Date "1999.10.26"]
[Round "?"]
[White "PackMaster"]
[Black "Hossa"]
[Result "1-0"]
[WhiteElo "2535"]
[BlackElo "2397"]
[PlyCount "67"]
[EventDate "1999.??.??"]

1. d4 Nf6 2. c4 c5 3. d5 e6 4. Nc3 exd5 5. cxd5 d6 6. Nf3 Be7 7. e4 O-O 8. Be2
Ng4 9. O-O f5 10. Qd3 fxe4 11. Nxe4 Bf5 12. Nfg5 Nxh2 13. Nxh7 Bxh7 14. Kxh2
Na6 15. Bg4 Kh8 16. a3 Qa5 17. Bd2 Qb6 18. b3 Bxe4 19. Qxe4 Bf6 20. Rh1 Kg8 21.
Be6+ Rf7 22. Bxf7+ Kxf7 23. Qe6+ Kg6 24. f4 Rh8+ 25. Kg3 Qxb3+ 26. Kg4 Qa4 27.
Bb4 Qc2 28. f5+ Qxf5+ 29. Qxf5+ Kf7 30. Rxh8 Nc7 31. Qd7+ Kg6 32. Rah1 cxb4 33.
R1h6+ gxh6 34. Qh7# {Hossa checkmated} 1-0

[Event "ICS rated blitz match"]
[Site "204.178.125.65"]
[Date "1999.10.26"]
[Round "?"]
[White "Hossa"]
[Black "StrongBach"]
[Result "1-0"]
[WhiteElo "2387"]
[BlackElo "1944"]
[PlyCount "63"]
[EventDate "1999.??.??"]

1. d4 d5 2. c4 dxc4 3. Nf3 Bd7 4. e4 Bc6 5. Bxc4 e6 6. Nc3 Bd6 7. O-O Ne7 8.
Ne5 Nd7 9. Nxc6 Nxc6 10. Be3 Na5 11. Bxe6 O-O 12. Bf5 Nc4 13. e5 Be7 14. Qg4 h5
15. Qxh5 g6 16. Bxg6 fxg6 17. Qxg6+ Kh8 18. Qh5+ Kg7 19. Bh6+ Kh8 20. Bxf8+ Kg8
21. Bh6 Bf8 22. Qg4+ Kh8 23. Qh3 Be7 24. Bg5+ Kg7 25. Qh6+ Kf7 26. Qh7+ Ke6 27.
d5+ Kxe5 28. Rae1+ Ne3 29. Rxe3+ Kd4 30. Qd3+ Kc5 31. Qb5+ Kd4 32. Re4# {
StrongBach checkmated} 1-0

[Event "ICS rated blitz match"]
[Site "204.178.125.65"]
[Date "1999.10.26"]
[Round "?"]
[White "Hossa"]
[Black "PackMaster"]
[Result "1/2-1/2"]
[WhiteElo "2389"]
[BlackElo "2545"]
[PlyCount "91"]
[EventDate "1999.??.??"]

1. d4 Nf6 2. c4 e6 3. Nc3 Bb4 4. e3 c5 5. Bd3 Nc6 6. a3 Bxc3+ 7. bxc3 O-O 8.
Nf3 d6 9. Qc2 e5 10. Bb2 Qb6 11. Ng5 cxd4 12. cxd4 exd4 13. Nxh7 Nxh7 14. Bxh7+
Kh8 15. Be4 dxe3 16. O-O Re8 17. Rab1 Qc5 18. Qd3 Ne5 19. Bxe5 exf2+ 20. Rxf2
Qxe5 21. Bxb7 Bxb7 22. Rxb7 Qc5 23. g4 f6 24. Qd5 Re3 25. Qxc5 dxc5 26. Rf5
Rxa3 27. Rh5+ Kg8 28. Rxc5 Ra1+ 29. Kf2 Ra2+ 30. Ke3 Re8+ 31. Kf4 Rd8 32. h3
Rd4+ 33. Ke3 Rad2 34. Rcc7 R2d3+ 35. Kf2 Rxh3 36. Rxg7+ Kh8 37. Rxa7 Rd2+ 38.
Kg1 Rc3 39. Rh7+ Kg8 40. Rag7+ Kf8 41. Rf7+ Kg8 42. Rhg7+ Kh8 43. Rh7+ Kg8 44.
Rhg7+ Kh8 45. Rh7+ Kg8 46. Rhg7+ {Game drawn by repetition} 1/2-1/2

[Event "ICS rated blitz match"]
[Site "204.178.125.65"]
[Date "1999.10.26"]
[Round "?"]
[White "PackMaster"]
[Black "Hossa"]
[Result "1-0"]
[WhiteElo "2538"]
[BlackElo "2396"]
[PlyCount "157"]
[EventDate "1999.??.??"]

1. e4 e5 2. Nf3 Nc6 3. Bb5 a6 4. Ba4 d6 5. c3 Bd7 6. d4 g6 7. O-O Bg7 8. Re1
Nf6 9. Bg5 b5 10. dxe5 Nxe5 11. Nxe5 dxe5 12. Bb3 O-O 13. Qc1 Qb8 14. Bh6 Bxh6
15. Qxh6 Ng4 16. Qd2 Nf6 17. Qg5 Qb6 18. Re2 Rae8 19. Na3 a5 20. Rae1 a4 21.
Bc2 Kh8 22. c4 Ng8 23. Rd2 b4 24. Rxd7 bxa3 25. bxa3 Qc6 26. Rd5 Qxc4 27. Rc1
f6 28. Qe3 c6 29. Rc5 Qxa2 30. Bxa4 Rb8 31. Bxc6 Rb3 32. R5c3 Rxc3 33. Qxc3 Rc8
34. Qc5 Qd2 35. Rf1 Qd3 36. Re1 Qd2 37. Ra1 Qd3 38. Bb5 Rxc5 39. Bxd3 Ne7 40.
a4 Nc6 41. Rb1 Rc3 42. Bf1 Ra3 43. Bb5 Nd4 44. h4 h5 45. Be8 Ne2+ 46. Kh1 Nc3
47. Rb4 Kg7 48. Rc4 Kh6 49. Kh2 Ne2 50. Rc6 Rxa4 51. Rxf6 Rxe4 52. Rxg6+ Kh7
53. g3 Nd4 54. Rd6 Nf3+ 55. Kg2 Rd4 56. Rxd4 Nxd4 57. Bxh5 Kg7 58. g4 e4 59.
Be8 Kf6 60. g5+ Ke5 61. Kh3 Kf4 62. Bd7 Ke5 63. h5 Nf3 64. g6 Kf6 65. Kg3 Kg7
66. Kf4 Kh6 67. Kxe4 Nd2+ 68. Kf5 Kg7 69. Bc6 Nc4 70. Kg5 Ne5 71. h6+ Kf8 72.
g7+ Kf7 73. Bd5+ Ke7 74. g8=Q Nd7 75. Qe6+ Kd8 76. h7 Nf6 77. h8=Q+ Ne8 78.
Qhxe8+ Kc7 79. Q6c6# {Hossa checkmated} 1-0

[Event "ICS rated blitz match"]
[Site "204.178.125.65"]
[Date "1999.10.26"]
[Round "?"]
[White "Hossa"]
[Black "PackMaster"]
[Result "0-1"]
[WhiteElo "2386"]
[BlackElo "2548"]
[PlyCount "145"]
[EventDate "1999.??.??"]

1. Nc3 c5 2. e4 Nc6 3. Bc4 e6 4. Nge2 Na5 5. d3 Be7 6. Bb5 a6 7. Ba4 b5 8. Bb3
Nf6 9. e5 Ng4 10. f4 Bb7 11. Ng3 Nxb3 12. axb3 Nh6 13. O-O Qc7 14. Be3 O-O 15.
Qh5 Rac8 16. Nce4 Rfe8 17. Rfd1 Red8 18. Re1 Bf8 19. c3 d5 20. exd6 Bxd6 21.
Nxd6 Qxd6 22. Ne4 Qc7 23. Qe2 Qe7 24. Ra5 Nf5 25. Bf2 Rd7 26. Rea1 Rdc7 27. Qh5
Rd8 28. Rd1 Rcc8 29. Ng5 Nh6 30. Be3 Qf6 31. Ne4 Qf5 32. Ng3 Qxh5 33. Nxh5 Ng4
34. Bf2 Bd5 35. c4 bxc4 36. bxc4 Nxf2 37. Kxf2 Bxc4 38. Ke2 Bb5 39. g4 Rd4 40.
Rc1 e5 41. fxe5 Rxg4 42. Ng3 Rg5 43. Kf3 Rxe5 44. d4 Rd5 45. Ne4 Rxd4 46. Nxc5
Rd2 47. Nxa6 Rxc1 48. Rxb5 f6 49. Rb8+ Kf7 50. Rb7+ Kg6 51. h4 Rd3+ 52. Ke2 Rh3
53. Kd2 Rg1 54. Kc2 Rxh4 55. Nc7 Rh2+ 56. Kb3 Re1 57. Nd5 h5 58. Ka4 Ra1+ 59.
Kb3 h4 60. Kc3 h3 61. b3 Rc1+ 62. Kb4 Rf2 63. Ne7+ Kh6 64. Rb8 h2 65. Rh8+ Kg5
66. Kb5 h1=Q 67. Rxh1 Rxh1 68. Kc5 Rc1+ 69. Kb4 Rd2 70. Ka3 Rd8 71. b4 Rc7 72.
Nc6 Rxc6 73. b5 {Hossa resigns} 0-1

[Event "ICS rated blitz match"]
[Site "204.178.125.65"]
[Date "1999.10.26"]
[Round "?"]
[White "sackattack"]
[Black "Hossa"]
[Result "0-1"]
[WhiteElo "2169"]
[BlackElo "2391"]
[PlyCount "112"]
[EventDate "1999.??.??"]

1. Nc3 c5 2. e4 Nc6 3. Nf3 Nf6 4. d4 d5 5. exd5 Nxd5 6. Bc4 Nb6 7. Bb5 cxd4 8.
Nxd4 a6 9. Nxc6 Qxd1+ 10. Kxd1 axb5 11. Ne5 b4 12. Nb5 Nd5 13. Be3 Ra5 14. a4
bxa3 15. Rxa3 Nxe3+ 16. fxe3 Rxb5 17. Ra8 Rxe5 18. Rxc8+ Kd7 19. Rc3 Rg5 20. g3
e6 21. Ke2 Bd6 22. Rd1 Rd8 23. e4 Rb5 24. b3 f5 25. exf5 Rxf5 26. Rcd3 Kc6 27.
c4 e5 28. b4 Rff8 29. Rd5 Rfe8 30. Ke3 Be7 31. Ke4 Bf6 32. b5+ Kc7 33. c5 Rxd5
34. Rxd5 Ra8 35. Kf5 Ra5 36. Ke6 Rxb5 37. g4 Kc6 38. h4 e4 39. g5 Bc3 40. Rd7
e3 41. Rd1 e2 42. Rc1 e1=Q+ 43. Rxe1 Bxe1 44. Kf7 Bxh4 45. g6 hxg6 46. Kxg6 Bf6
47. Kf5 Rxc5+ 48. Ke4 Be5 49. Kf5 Kd5 50. Kg4 Ke4 51. Kg5 Bd4+ 52. Kg6 Rf5 53.
Kh7 Kd5 54. Kg6 Ke6 55. Kh7 Kf7 56. Kh8 56... Rh5# {sackattack checkmated} 0-1

[Event "ICS rated blitz match"]
[Site "204.178.125.65"]
[Date "1999.10.26"]
[Round "?"]
[White "Hossa"]
[Black "sackattack"]
[Result "1-0"]
[WhiteElo "2393"]
[BlackElo "2138"]
[PlyCount "39"]
[EventDate "1999.??.??"]

1. d4 Nf6 2. c4 c5 3. d5 b5 4. cxb5 a6 5. bxa6 Bxa6 6. Nc3 d6 7. Nf3 g6 8. Bg5
Bg7 9. e4 Bxf1 10. Rxf1 O-O 11. e5 Nfd7 12. exd6 f6 13. dxe7 Qxe7+ 14. Be3 f5
15. Qb3 Kh8 16. Ne2 Na6 17. Bg5 Qf7 18. Bf4 Rfe8 19. Ng5 Qf6 20. Rb1 {
sackattack resigns} 1-0

[Event "ICS rated blitz match"]
[Site "204.178.125.65"]
[Date "1999.10.26"]
[Round "?"]
[White "Briccius"]
[Black "Hossa"]
[Result "0-1"]
[WhiteElo "1562"]
[BlackElo "2395"]
[PlyCount "39"]
[EventDate "1999.??.??"]

1. e4 d6 2. d4 g6 3. Be3 Nf6 4. Bd3 e5 5. f3 d5 6. c3 dxe4 7. fxe4 exd4 8. cxd4
Nxe4 9. Bxe4 Qh4+ 10. Bf2 Qxe4+ 11. Qe2 Qe6 12. d5 Qxe2+ 13. Nxe2 Bg7 14. Bd4
f6 15. O-O O-O 16. Nbc3 Bg4 17. Nf4 Re8 18. h3 Bd7 19. Rac1 Na6 20. Nb5 {
Briccius resigns} 0-1

[Event "ICS rated blitz match"]
[Site "204.178.125.65"]
[Date "1999.10.26"]
[Round "?"]
[White "Hossa"]
[Black "PackMaster"]
[Result "0-1"]
[WhiteElo "2395"]
[BlackElo "2563"]
[PlyCount "117"]
[EventDate "1999.??.??"]

1. d4 d5 2. c4 e6 3. Nc3 Nf6 4. Qc2 dxc4 5. e3 c5 6. dxc5 Bxc5 7. Bxc4 O-O 8.
Nf3 Bd7 9. e4 Qc7 10. O-O Bxf2+ 11. Qxf2 Qxc4 12. Ne5 Qb4 13. a3 Qa5 14. Bf4
Rc8 15. Rad1 Be8 16. Qd4 Nc6 17. Nxc6 Bxc6 18. Bd6 Rd8 19. e5 Ne8 20. Qf4 Nxd6
21. Rxd6 Qc7 22. b4 Rac8 23. Rxd8+ Rxd8 24. Qe3 Rc8 25. Rc1 Qd7 26. Rd1 Qe7 27.
b5 Be8 28. Ne4 Bxb5 29. Qxa7 Be2 30. Rb1 Bd3 31. Nd6 Bxb1 32. Nxc8 Qc7 33. Nd6
Qc1+ 34. Kf2 Qf4+ 35. Kg1 h6 36. Qc5 Qd2 37. h3 b6 38. Qxb6 Qe1+ 39. Kh2 Qxe5+
40. Kg1 Bg6 41. Qb4 Bc2 42. Qb8+ Kh7 43. Qc7 Be4 44. Qc4 Bd5 45. Qc2+ f5 46.
Ne8 Qe3+ 47. Kh2 Qxa3 48. Nc7 Qd6+ 49. Kg1 Bc6 50. Na6 Qd4+ 51. Kh2 Qe5+ 52.
Kg1 Qa1+ 53. Kf2 Qxa6 54. g4 Qb6+ 55. Ke2 Qb5+ 56. Kd2 Qa5+ 57. Ke2 Qe5+ 58.
Kd1 Bf3+ 59. Kc1 {Hossa resigns} 0-1

[Event "ICS rated blitz match"]
[Site "204.178.125.65"]
[Date "1999.10.26"]
[Round "?"]
[White "WhiteCastles"]
[Black "Hossa"]
[Result "1-0"]
[WhiteElo "2629"]
[BlackElo "2386"]
[PlyCount "76"]
[EventDate "1999.??.??"]

1. e4 d6 2. d4 g6 3. Nc3 Bg7 4. f4 Nf6 5. Nf3 O-O 6. Be2 Bg4 7. h3 Bd7 8. O-O
Nh5 9. Qe1 e6 10. g4 Nf6 11. Be3 d5 12. e5 Ne4 13. Bd3 f5 14. exf6 Nxf6 15. Qg3
Nc6 16. a3 Qe7 17. Rae1 Bc8 18. Bf2 Qd8 19. Ng5 Re8 20. Re2 Ne4 21. Ncxe4 dxe4
22. Bxe4 Nxd4 23. Rd2 Qd6 24. Be3 Rd8 25. c3 h6 26. Bxd4 hxg5 27. Be3 Qe7 28.
Rxd8+ Qxd8 29. fxg5 Qe8 30. Qxc7 a6 31. Rd1 Kh7 32. Rd8 Qxd8 33. Qxd8 Bd7 34.
Qxd7 Rg8 35. Qxe6 Bf8 36. Qf7+ Kh8 37. Bd5 Rg7 38. Qxf8+ 38... Kh7 {
Hossa resigns} 1-0

[Event "ICS rated blitz match"]
[Site "204.178.125.65"]
[Date "1999.10.26"]
[Round "?"]
[White "Hossa"]
[Black "WhiteCastles"]
[Result "1/2-1/2"]
[WhiteElo "2380"]
[BlackElo "2635"]
[PlyCount "121"]
[EventDate "1999.??.??"]

1. e4 e5 2. Nf3 Nc6 3. Bb5 a6 4. Ba4 Nf6 5. d4 exd4 6. O-O Be7 7. e5 Ne4 8.
Bxc6 dxc6 9. Re1 Qd5 10. Qxd4 Bf5 11. Nc3 Nxc3 12. Qxc3 O-O-O 13. Bg5 Bxg5 14.
Nxg5 h6 15. Nf3 Be4 16. Re3 Rhe8 17. Ne1 Re6 18. a4 f6 19. Rg3 fxe5 20. Rxg7
Rde8 21. Qe3 Qd4 22. Ra3 Bf5 23. Qc1 e4 24. Rag3 e3 25. fxe3 Rxe3 26. Rxe3 Rxe3
27. Kf1 Be6 28. Rg3 Bc4+ 29. Nd3 Bxd3+ 30. cxd3 Rxg3 31. hxg3 Qxd3+ 32. Kg1
Qxg3 33. Qxh6 Qe1+ 34. Kh2 Qe5+ 35. Kh3 Qxb2 36. Qf8+ Kd7 37. Qf7+ Kd6 38. Qf8+
Kd5 39. Qd8+ Kc5 40. Qxc7 Qb3+ 41. g3 Qxa4 42. Qxb7 a5 43. g4 Qb5 44. Qe7+ Kd4
45. Qf6+ Kd5 46. Qf7+ Ke4 47. Qe6+ Kd3 48. Qf5+ Kc4 49. Qf1+ Kb3 50. Qxb5+ cxb5
51. g5 a4 52. Kg4 a3 53. g6 a2 54. g7 a1=Q 55. g8=Q+ Kb2 56. Qh8+ Kb1 57. Qh7+
Kc1 58. Qc7+ Kb1 59. Qh7+ Kc1 60. Qc7+ Kb1 61. Qh7+ {Game drawn by repetition}
1/2-1/2

[Event "ICS rated bullet match"]
[Site "204.178.125.65"]
[Date "1999.10.26"]
[Round "?"]
[White "Hossa"]
[Black "JSBach"]
[Result "1-0"]
[WhiteElo "2390"]
[BlackElo "2126"]
[PlyCount "115"]
[EventDate "1999.??.??"]

1. Nf3 d5 2. d4 Bf5 3. Bf4 Nf6 4. e3 Nbd7 5. Bd3 Ne4 6. Nh4 Be6 7. Bxe4 g5 8.
Bxg5 h6 9. Bf4 dxe4 10. d5 Nc5 11. Qd4 Rg8 12. dxe6 Nxe6 13. Qxe4 Nxf4 14. exf4
Rg4 15. Qxb7 Rb8 16. Qc6+ Qd7 17. Qxd7+ Kxd7 18. g3 Rxb2 19. Kd2 Kc8 20. Nc3 e6
21. Rab1 Rb6 22. h3 Rg8 23. Rhd1 Bc5 24. Ne4 Rd8+ 25. Ke2 Bd4 26. Nf3 Bg7 27.
Rxd8+ Kxd8 28. Rb3 Ke8 29. g4 Kd7 30. Ne5+ Ke7 31. Nc5 Kd6 32. Na4 Ra6 33. Nc4+
Kc6 34. Rb4 Bf8 35. Ne5+ Kd5 36. Nc3+ Kc5 37. Rc4+ Kd6 38. Nb5+ Ke7 39. Rxc7+
Ke8 40. Rd7 Rc6 41. Nc7+ Rxc7 42. Rxc7 a5 43. Nxf7 Bg7 44. g5 h5 45. g6 Bf8 46.
Ne5 Bh6 47. Rh7 Bf8 48. f5 exf5 49. g7 Bxg7 50. Rxg7 a4 51. Kf3 h4 52. Kf4 Kf8
53. Rf7+ Ke8 54. Kxf5 Kd8 55. Rd7+ Ke8 56. Kf6 a3 57. Rd6 Kf8 58. Rd8# {
JSBach checkmated} 1-0

[Event "ICS rated blitz match"]
[Site "204.178.125.65"]
[Date "1999.10.26"]
[Round "?"]
[White "Hossa"]
[Black "lakerda"]
[Result "1-0"]
[WhiteElo "2386"]
[BlackElo "2169"]
[PlyCount "38"]
[EventDate "1999.??.??"]

1. Nf3 g6 2. g3 Bg7 3. e4 d6 4. d4 Nd7 5. Bg5 h6 6. Be3 e5 7. Bg2 Ngf6 8. Nc3
O-O 9. dxe5 dxe5 10. O-O c6 11. Qd6 Re8 12. Rad1 Qe7 13. Qc7 Nf8 14. Qa5 N6d7
15. Ne2 Ne6 16. Qd2 Ndf8 17. Bxh6 b6 18. Bxg7 Kxg7 19. Nxe5 19... Ba6 {
lakerda resigns} 1-0

[Event "ICS rated blitz match"]
[Site "204.178.125.65"]
[Date "1999.10.26"]
[Round "?"]
[White "lakerda"]
[Black "Hossa"]
[Result "0-1"]
[WhiteElo "2162"]
[BlackElo "2393"]
[PlyCount "56"]
[EventDate "1999.??.??"]

1. d4 d5 2. e3 e6 3. Bd3 c5 4. c3 Nc6 5. f4 cxd4 6. exd4 Bd6 7. Nf3 Nf6 8. O-O
O-O 9. Ne5 Bd7 10. Nd2 Rc8 11. g4 Qb6 12. Kh1 Be8 13. g5 Nd7 14. Ndf3 f6 15.
gxf6 Nxf6 16. Ng5 Nd8 17. Qe2 Bc7 18. Be3 Nf7 19. Rg1 Nxg5 20. Rxg5 Ne4 21.
Bxe4 dxe4 22. Rag1 g6 23. Qg2 Rf6 24. h4 Kh8 25. h5 Qa6 26. hxg6 Bxe5 27. g7+
Kg8 28. fxe5 28... Rh6+ {lakerda resigns} 0-1

[Event "ICS rated blitz match"]
[Site "204.178.125.65"]
[Date "1999.10.26"]
[Round "?"]
[White "Turbofish"]
[Black "Hossa"]
[Result "0-1"]
[WhiteElo "2295"]
[BlackElo "2400"]
[PlyCount "54"]
[EventDate "1999.??.??"]

1. e4 e5 2. Nf3 Nc6 3. Nc3 Bb4 4. Bc4 Nf6 5. O-O d6 6. h3 O-O 7. d3 Na5 8. Bb3
Nxb3 9. axb3 Be6 10. Bg5 c5 11. Qd2 Qe7 12. Nh4 h6 13. Bxf6 Qxf6 14. Nf3 Bxh3
15. Nd5 Qxf3 16. gxf3 Bxd2 17. Rfd1 Bf4 18. c3 Be6 19. Nc7 Bxb3 20. Nxa8 Bxd1
21. Rxa7 Bxf3 22. Nb6 f5 23. Rxb7 fxe4 24. dxe4 Bxe4 25. Rd7 Rf6 26. Nc4 Rg6+
27. Kf1 27... Bd3+ {Turbofish resigns} 0-1